Header

Deseos cosmopolitas : (Registro nro. 53683)

Detalles MARC
000 -LEADER
campo de control de longitud fija 03843nam a2200337 a 4500
001 - NÚMERO DE CONTROL
campo de control 53683
003 - IDENTIFICADOR DE NÚMERO DE CONTROL
campo de control AR-BaAGN
005 - FECHA Y HORA DE LA ÚLTIMA TRANSACCIÓN
campo de control 20240306112541.0
007 - CAMPO FIJO DE DESCRIPCIÓN FÍSICA--INFORMACIÓN GENERAL
campo de control de longitud fija ta
008 - DATOS DE LONGITUD FIJA--INFORMACIÓN GENERAL
campo de control de longitud fija s ag |||||r|||| ||| ||spa d
020 ## - NÚMERO INTERNACIONAL ESTÁNDAR DEL LIBRO
Número Internacional Estándar del Libro 978-987-719-117-2
040 ## - FUENTE DE CATALOGACIÓN
Centro catalogador/agencia de origen AR-BaAGN
Lengua de catalogación español
Normas de descripción aacr
942 ## - ELEMENTOS DE ENTRADA SECUNDARIOS (KOHA)
Tipo de ítem Koha Libro
Prefijo de la signatura AGN978-987-719-117-2
Suprimir en OPAC No
100 1# - ENTRADA PRINCIPAL--NOMBRE DE PERSONA
Nombre de persona Siskind, Mariano,
Fechas asociadas al nombre 1972-
ID autoridades 7320
240 10 - TÍTULO UNIFORME
Título uniforme Cosmopolitan desires : global modernity and world literature in Latin America.
Lenguaje de la obra Español
245 10 - MENCIÓN DEL TÍTULO
Título Deseos cosmopolitas :
Resto del título modernidad global y literatura mundial en América Latina /
Mención de responsabilidad, etc. Mariano Siskind ; [traducción de Lilia Mosconi].
260 ## - PUBLICACIÓN, DISTRIBUCIÓN, ETC.
Lugar de publicación, distribución, etc. Buenos Aires :
Nombre del editor, distribuidor, etc. Fondo de Cultura Económica,
Fecha de publicación, distribución, etc. 2016.
300 ## - DESCRIPCIÓN FÍSICA
Extensión 378 páginas ;
Dimensiones 23 cm.
336 ## - TIPO DE CONTENIDO
Código de tipo de contenido texto
Fuente rdacontent
337 ## - TIPO DE MEDIO
Código del tipo de medio no mediado
Fuente rdamedia
338 ## - TIPO DE SOPORTE
Código del tipo de soporte volumen
Fuente rdacarrier
490 0# - MENCIÓN DE SERIE
Mención de serie Tierra Firme
500 ## - NOTA GENERAL
Nota general Traducido por Lilia Mosconi.
500 ## - NOTA GENERAL
Nota general Título original: Cosmopolitan desires.
505 0# - NOTA DE CONTENIDO CON FORMATO
Nota de contenido con formato Agradecimientos -- Introducción -- Primera parte: La literatura mundial como relación global, o la producción material de mundos literarios -- Cap. 1: La globalización de la novela y la novelización de lo global -- Cap. 2: La vida material de los géneros: los itinerarios globales del realismo mágico -- Segunda parte: Cosmopolitismo marginal, modernismo y deseo de mundo -- Cap. 3: El surgimiento de los discursos literarios-mundiales en América Latina (1882-1925) -- Cap. 4: El universalismo francés de Darío y las cartografías mundiales del modernismo -- Cap. 5: En viaje a Oriente: Gómez Carrillo y la cuestión judía -- Referencias bibliográficas -- Índice de nombres.
520 3# - RESUMEN, ETC.
Sumario, etc. En 1953, Jorge Luis Borges publica un ensayo programático y polémico, «El escritor argentino y la tradición», desde el cual llama a los escritores argentinos a producir una literatura cosmopolita y a hacer caso omiso de determinaciones y asfixias nacionales. Borges, como otros cosmopolitas marginales, construye la ficción de un campo discursivo horizontal y universal sobre el que pueda proyectar su subjetividad estética en igualdad de condiciones con las de las literaturas hegemónicas. Deseos cosmopolitas lee la modernidad literaria latinoamericana como una relación global, un conjunto de procedimientos estéticos que funcionan como mediaciones de una red transcultural ampliada de intercambios culturales. Rastrea discursos que producen mundos dislocados y configuraciones espaciales contingentes en el contexto de marcos de legibilidad comparativos y descentrados: la globalización de la novela como forma narrativa durante la segunda mitad del siglo XIX; los desplazamientos globales del realismo mágico; la postulación de un mundo modernista constituido como reservorio de discursos universalistas y como entramado global de itinerarios reales e imaginarios; la construcción, sofisticada y estratégica, de la universalidad del significante francés en Darío, y la crisis del discurso orientalista que provoca la irrupción de la «cuestión judía» en las crónicas de viaje de Gómez Carrillo. (Descripción del editor).
520 3# - RESUMEN, ETC.
Sumario, etc. Mariano Siskind lleva a cabo una notable y original reformulación teórica de la literatura mundial y del sujeto del discurso cosmopolita y sostiene que si bien este “fracasa en la realización de sus objetivos universales, maximalistas e inalcanzables, abre nuevos horizontes imaginarios sobre los que se pueden articular novedosas formas de agencia cultural y política, y que, al resituar distintas variantes del particularismo cultural en redes transculturales de significación más vastas, produce configuraciones y prácticas estéticas inéditas”. (Descripción del editor).
650 #4 - PUNTO DE ACCESO ADICIONAL DE MATERIA--TÉRMINO DE MATERIA
Término de materia o nombre geográfico como elemento de entrada LITERATURA AMERICANA
ID autoridades 2272
655 ## - TERMINO DE INDIZACIÓN--GENERO/FORMA
Término de género/forma Críticas literarias
700 1# - ENTRADA AGREGADA--NOMBRE PERSONAL
Nombre de persona Mosconi, Lilia,
Fechas asociadas al nombre 1963-
Término indicativo de función/relación traductor
ID autoridades 7160
Existencias
Estado de retiro Estado de pérdida Fuente del sistema de clasificación o colocación Estado de conservación Biblioteca actual Ubicación en estantería Signatura topográfica completa Código de barras Tipo de ítem Koha
    Clasificación Decimal Dewey   Biblioteca del Archivo General de la Nación AGN - Biblioteca AGN 21553 208 Libro

Contacto

Dirección: Av. Leandro Alem 246, 3er piso (CABA).
Código postal: C1003AAP
Teléfono: 2206-0013
Correo electrónico: comunicacionagn@mininterior.gob.ar
Sitio Web: www.argentina.gob.ar/interior/archivo-general-de-la-nacion

AGN en las redes sociales

Facebook  /  Twitter  /  Instagram